00350 a2200109 4500001001000000005001700010008004100027245006700068100003300135773005500168999001700223ART_3960920260410162000.0260409a 10aTiempo libre y nuevas responsabilidades en los adultos mayores1 aFernández Lópiz, Enrique0 tPropuestasg- Año 2, Nº 4 (nov. 1996)wREV28258 c31227d31227